00425nam a2200157Ia 45000010006000000050017000060080041000230410008000640820015000721000023000872450108001102600009002183000024002276500008002516540008002592349020260414150940.0260414t2020||||xx |||||||||||||| ||spa|| aESP a650.1bT95 aTurak, AugusteAUT 0aSecretos empresariales de los monjes trapenses :bLa busqueda de sentido y autenticidad de un ejecutivo c2020 a174 páginas :c\N aGEN aCCO